000 00424nam a2200181Ia 4500
001 21117
005 20260306172855.0
008 260306t1997||||xx |||||||||||||| ||spa||
041 _aESP
082 _a344
_bR769 T. 1
100 _aRoxin, Claus
_eAUT
245 0 _aDerecho penal:
_bparte general
260 _c1997
300 _a1071 páginas :
_c26 cm.
650 _aGEN
654 _aCDE
942 _cLIB
_dJUS
_fJUS
_2ddc
_n
999 _c21117
_d21117